Sports Quiz

Random Sports or Golf Quiz

Scores in Golf Quiz Stats

 Plays Quiz not verified by Sporcle

Challenge
Share
Tweet
Embed
Score 0/10 Timer 01:00
0 Plays Today
Hint % Correct
-1Birdie
97.2%
EPar
97.2%
-2Eagle
96.5%
+1Bogey
94.3%
AceHole in One
93.9%
+2Double Bogey
92.6%
+3Triple Bogey
89.6%
-3Albatross
86%
+4Quadruple Bogey
68.2%
-4Condor
32.6%

You're not logged in!

Compare scores with friends on all Sporcle quizzes.
OR
Log In

You Might Also Like...

Show Comments

Extras

Created Mar 7, 2010ReportNominate
Tags:Golf Quiz, score

Top Quizzes Today


Score Distribution

Your Account Isn't Verified!

In order to create a playlist on Sporcle, you need to verify the email address you used during registration. Go to your Sporcle Settings to finish the process.

Report this User

Report this user for behavior that violates our Community Guidelines.

Details: